000 00813nam a22003010a 4500
001 PT45300
003 AR-LpoUNG
005 20210131231043.0
008 191001s2006||||sp |||||||||||||||||spa d
020 _a8496388387
_c$13,09
040 _aAR-LpoUNG
_bspa
_cAR-LpoUNG
_eaacr
041 _aspa
044 _asp
082 0 _a808.068 3 196mon
100 1 _aSan Miguel Martos, Julia
245 1 3 _aEl monstruo de Ricardo
250 _a1§ ed.
260 _aAndalucía :
_bKalandraka,
_cabril 2006.
300 _a[14] p. :
_bil.
505 0 _aSugerido a partir de 6 años (etiqueta AMARILLA)
650 4 _aCUENTOS
650 4 _aLITERATURA
651 4 _aDOCUMENTOS TEORICOS O METODOLOGICOS
653 _aLITERATURA INFANTIL
700 1 _aMartínez, Rocío
_eil.
905 _a45300
942 _cLIB
999 _c7711
_d7711